000 00829nam a22002057a 4500
003 0
005 20250116171142.0
008 250116b xxu||||| |||| 00| 0 eng d
050 _aBF 637
_b.D36 2024
100 _aDel Rosario, Karen Rose P.
245 _aThou shall not:
_breligiosity and sexual self-efficacy among young adults
_cKaren Rose P. Del Rosario
260 _aLas Pinas City
_bSouthville International School and Colleges
_c2024
300 _axi, 347 pages:
_billustrations ;
_c29cm.
504 _aIncludes bibliographical references and appendices.
650 _aReligiosity—Psychological aspects—Philippines.
650 _aSelf-efficacy—Psychological aspects.
650 _aSexual behavior—Psychological aspects—Philippines.
650 _aYoung adults—Psychology—Philippines.
942 _2lcc
_cTH
999 _c367002
_d367002